000 00485nam a2200193Ia 4500
005 20240823062232.0
008 240823s9999||||xx |||||||||||||| ||und||
020 _a978-93-86235-44-2
041 _aENGLISH
082 _A511.4 Q8
100 _a"Trefethen,Lloyd N"
245 0 _aApproximation Theory and Approximation Practice
250 _a1st
260 _c2018
_bUniversities
500 _aTRANSFERED
650 _aMathematics
_bMathematics
942 _cBK
999 _c235403
_d235403